| 000 | 01672nam a2200325 i 4500 | ||
|---|---|---|---|
| 001 | 768714001 | ||
| 003 | CO-MdFUSB | ||
| 005 | 20220623062549.0 | ||
| 006 | ta | ||
| 008 | 200722t1980 mx |||| i||| 00| 0 spa d | ||
| 020 | _a9701028260 | ||
| 040 |
_aCO-MdFUSB _bspa _cCO-MdFUSB _dCO-MdFUSBC _erda |
||
| 041 | _aspa | ||
| 082 |
_223 _a301 _bG318 |
||
| 100 |
_aGelles, Richard J. _d1947-2020 _eautor |
||
| 245 |
_aSociología _b: con aplicaciones en países de habla hispana _c/ Richard J. Gelles , Ann Levine ; traducido por Édgar Rubén Cosío Martínez |
||
| 250 | _aSexta edición | ||
| 264 | 1 |
_aMéxico : _bMcGraw Hill, _c[1980] |
|
| 264 | 4 | _c© 1980 | |
| 300 | _c; | ||
| 336 |
_2rdacontent _atexto _btxt |
||
| 337 |
_2rdamedia _asin mediación _bn |
||
| 338 |
_2rdacarrier _avolumen _bnc |
||
| 504 | _aBibliografía (páginas 693-714) | ||
| 505 | _aPresentación de la sociología -- La perspectiva sociológica -- Ciencia y teoría en sociología -- Dinámica del comportamiento social -- Cultura -- Socialización en el curso de la vida -- Estructura social -- Interacción social y grupos sociales -- Desviación y control social -- Desigualdad social -- Estratificación social -- Estratificación racial y étnica -- Estratificación por género -- Instituciones sociales -- La Familia -- Educación -- Religión -- Política -- La economía y el trabajo -- Cambio en el esquema social -- Población, ecología global y urbanización -- Comportamiento colectivo y movimiento sociales -- Glosario -- Referencias -- Créditos -- Índices | ||
| 630 | 0 |
_aSociología _92570 |
|
| 700 |
_94684 _aLevine, Ann _d1945 _eautor |
||
| 942 | _cBK | ||
| 945 | _aDani | ||
| 999 |
_c66547 _d66547 |
||